| 000 | 00463pab a2200169 454500 | ||
|---|---|---|---|
| 008 | 180718b1996 xxu||||| |||| 00| 0 eng d | ||
| 100 | _aBall, Michael | ||
| 245 | _aStructural investment and economic growth: a long term international comparison | ||
| 260 | _c1996 | ||
| 300 | _ap.1687-1706 | ||
| 362 | _aNov | ||
| 650 | _aEconomic and social development | ||
| 700 | _aWood, Andrew | ||
| 700 | _aMorrison, Tanya | ||
| 773 | _aUrban Studies | ||
| 909 | _a33369 | ||
| 999 |
_c33369 _d33369 |
||